Memoria de la Segunda Conferencia Interamericana de Contabilidad /

Enregistré dans:
Détails bibliographiques
Collectivité auteur: Conferencia Interamericana de Contabilidad ( México)
Autres auteurs: Cárdenas C., Ramón (dirección y prefacio) (dirección y prefacio), Casas Alatriste, Roberto (prefacio) (prefacio)
Format: Actes de congrès Livre
Langue:espagnol
Sujets:
Tags: Ajouter un tag
Pas de tags, Soyez le premier à ajouter un tag!

MARC

LEADER 00000nam^a2200000^a^4500
001 000182483
005 20250521000000.0
009 20260310102007.476
037 |a Acervo ITESO - Biblioteca 
041 |a ESP 
082 |a 657.  |b INT 1951 
111 |a Conferencia Interamericana de Contabilidad (  |n 2ª :  |d 1951 :  |c México) 
245 1 0 |a Memoria de la Segunda Conferencia Interamericana de Contabilidad /  |c Dir. de R. Cárdenas C. ; pref. de R. Cárdenas C., R. Casas Alatriste. 
264 |a México :  |b Patronato para el Fomento de la Contabilidad en México,  |c 1951 
300 |a XLVII, 735 p. 
336 |a texto  |b txt  |2 rdacontenido 
337 |a sin mediación  |b n  |2 rdamedio 
338 |a volumen  |b nc  |2 rdasoporte 
649 |a XX 
650 |a Contabilidad -  |z Latinoamérica -  |x Congresos 
650 |a Contabilidad -  |z EUA -  |x Congresos 
650 |a Contabilidad -  |x Congresos 
650 |a Ciencias Administrativas 
700 |a Cárdenas C., Ramón  |e (dirección y prefacio) 
700 |a Casas Alatriste, Roberto  |e (prefacio) 
910 |a Fondo General 
920 |a Impresos - Libros 
930 |a Colección General 
905 |a 101 
901 |a 0500122149  |b IT1  |c ACC  |u 20250521 
902 |a https://opac.biblio.iteso.mx/vufind/Record/000182483